000 00610cam a22002054a 4500
005 20250605164300.0
008 250528s ||||||||||||||||||||||||d
035 _a22035
020 _a9789606863691
040 _aGR-AtMCL
_bgre
_dGR-AtMCL
_eAACR2
245 1 _aΣΤΑΤΙΣΤΙΚΗ ΣΤΙΣ ΕΠΙΣΤΗΜΕΣ ΤΗΣ ΣΥΜΠΕΡΙΦΟΡΑΣ ΜΕ ΤΗ ΧΡΗΣΗ ΤΟΥ SPSS
250 _a1
260 _bΤοπος,
_c2011
300 _a614
700 1 _aΡουσσος Λ. Πετρος
_97911
700 1 _aΤσαουσης Γιαννης
942 _cBK
999 _c7091
_d7091